000 00280nam a22001337a 4500
020 _a1-842-34031-x
082 _a823
_bMUL/H
100 _aMULHERIN, JENNIFER
245 _aHENRY V
260 _aSLOUGH
_bA S PUBLISHING
300 _a32
650 _aENGLISH STORY
_zUK
942 _cBK
999 _c2654
_d2654